| 000 | 00873nam a2200229 a 4500 | ||
|---|---|---|---|
| 001 | 000032775 | ||
| 003 | OSt | ||
| 005 | 20250701104718.0 | ||
| 008 | 110726s1921 dr 000 0 spa d | ||
| 040 |
_aDO-SdBNP _bspa _cBNPHU |
||
| 082 | 4 |
_a614.097293 _bR426i |
|
| 110 | 1 |
_aRepública Dominicana _bSecretaría de Estado y Sanidad y Beneficiencia _958607 |
|
| 245 | 0 | 0 | _aInforme anual del secretario de estado de sanidad y beneficiencia para el año 1920. |
| 260 |
_aSanto Domingo : _bImp. de J. R. vda. García, _c1921. |
||
| 300 |
_a113 p. ; _c29 cm. |
||
| 650 | 0 |
_aSalud pública _956565 |
|
| 650 | 4 |
_aSaneamento _zRepública Dominicana _976854 |
|
| 650 | 4 |
_aServicios de salud _zRepública Dominicana _920952 |
|
| 710 | 1 |
_aRepública Dominicana _bSecretaría de Estado de Sanidad y Beneficencia. _976855 |
|
| 910 | _aValidado. Control de calidad MFF | ||
| 942 |
_2ddc _cLF1 |
||
| 999 |
_c32266 _d32266 |
||